000 00802nam a22002297a 4500
999 _c14291
_d14291
003 MIRAKIL
005 20201214151423.0
008 201214b tu ||||| |||| 00| 0 tur d
020 _a9755511865
040 _aTR-AnCHP
_btur
_cTR-AnCHP
041 _atur
082 _a956.101543
_bS21h 2002
100 _aSabis, Ali İhsan
245 _aHarp hatıralarım :
_bBirinci Dünya Harbi /
_cAli İhsan Sabis.
260 _aİstanbul:
_bNehir Yayınları,
_c2002.
300 _a349 s.:
_bfotg.;
_c20 sm.
490 0 _aNehir Yayınları;
_aHatırlarla Yakın Tarih Dizisi;
_v56.
_v11.
600 0 _96643
_aSabis, Ali İhsan
_cAsker
_d1882-1957
_xHatıralar
_yBirinci Dünya Savaşı
650 _aI. Dünya Savaşı (1914-1918)
_xTarih
651 _aTürkiye
_xTarih
_yOsmanlı İmparatorluğu
942 _2ddc
_cBKS